Dark places, light places : (Record no. 343534)
[ view plain ]
| 000 -LEADER | |
|---|---|
| fixed length control field | 00494nam a2200193Ia 4500 |
| 008 - FIXED-LENGTH DATA ELEMENTS--GENERAL INFORMATION | |
| fixed length control field | 170918s9999 xx 000 0 und d |
| 020 ## - INTERNATIONAL STANDARD BOOK NUMBER | |
| International Standard Book Number | 962413917 |
| 050 ## - LIBRARY OF CONGRESS CALL NUMBER | |
| Item number | Z17da 1990 |
| 100 ## - MAIN ENTRY--PERSONAL NAME | |
| Personal name | Zapffe, Jessie Gresham |
| 245 ## - TITLE STATEMENT | |
| Title | Dark places, light places : |
| 245 ## - TITLE STATEMENT | |
| Remainder of title | a novel of love and grace / |
| 245 ## - TITLE STATEMENT | |
| Statement of responsibility, etc | by Jessie Gresham Zapffe. |
| 260 ## - PUBLICATION, DISTRIBUTION, ETC. (IMPRINT) | |
| Place of publication, distribution, etc | USA : |
| 260 ## - PUBLICATION, DISTRIBUTION, ETC. (IMPRINT) | |
| Name of publisher, distributor, etc | Sunfire Productions, |
| 260 ## - PUBLICATION, DISTRIBUTION, ETC. (IMPRINT) | |
| Date of publication, distribution, etc | 1990 |
| 300 ## - PHYSICAL DESCRIPTION | |
| Extent | 276 pages : |
| 300 ## - PHYSICAL DESCRIPTION | |
| Other physical details | illustrations ; |
| 300 ## - PHYSICAL DESCRIPTION | |
| Dimensions | 21cm. |
| Withdrawn status | Lost status | Damaged status | Home library | Current library | Date acquired | Total Checkouts | Full call number | Barcode | Date last seen | Price effective from | Koha item type |
|---|---|---|---|---|---|---|---|---|---|---|---|
| Stonyhurst Southville International School (Malarayat) | Stonyhurst Southville International School (Malarayat) | 09/18/2017 | FIC Z17da 1990 | SSISM2606 | 09/18/2017 | 09/18/2017 | Books |